000 00452nam a2200169 a 4500
001 0000-8637
003 ELIB.Books
008 110520 1981
035 _a(ELIB.Books)0000-8783
082 _a251
_bSku
100 _aSkudlarek, William
245 _aThe Word in Worship: preaching in a liturgical context
260 _bNashville: Abingdon Press
_c1981
650 _aPreaching
942 _2ddc
_cBK
998 _cbat
_e2011-05-20
999 _c8637
_d8637